[Event "Kragero Resort Chess 2018"]
[Site "Kragerø Resort"]
[Date "2018.02.23"]
[Round "4"]
[White "Hobber, Anders"]
[Black "Baldursson, Hrannar"]
[Result "1/2-1/2"]
[WhiteElo "2286"]
[BlackElo "2153"]
[PlyCount "92"]
[EventDate "2018.??.??"]

1. d4 Nf6 2. Nf3 d6 3. g3 c6 4. Bg2 Nbd7 5. O-O g6 6. b3 Bg7 7. Bb2 O-O 8. Nbd2
Qc7 9. e4 e5 10. dxe5 dxe5 11. Qe2 b5 12. a4 b4 13. Nc4 Ba6 14. Rfe1 Rfe8 15.
Rad1 Rad8 16. Nfd2 Nb6 17. Bf1 Nfd7 18. Qf3 Nc5 19. Nxb6 Bxf1 20. Rxf1 axb6 21.
Qe2 Ne6 22. Nf3 Nd4 23. Bxd4 exd4 24. Rfe1 c5 25. Nd2 Re6 26. Qd3 Rde8 27. f4
h5 28. Re2 Qc6 29. Rde1 Rb8 30. Nc4 Rbe8 31. Kf2 Qb7 32. e5 Qd5 33. Nd6 Rxd6
34. exd6 Re3 35. Rxe3 dxe3+ 36. Kxe3 Bd4+ 37. Kd2 Qxd6 38. Kc1 Qf6 39. Kd1 Kh7
40. f5 gxf5 41. Qf3 Kg6 42. Rf1 Bc3 43. Qd3 Qe6 44. h3 Kg5 45. Qd8+ Kg6 46. Qd3
Kg5
1/2-1/2

[Event "Kragero Resort Chess 2018"]
[Site "Kragerø Resort"]
[Date "2018.02.23"]
[Round "4"]
[White "Huse, Sigurd Kjelsbøl"]
[Black "Rishovd, Svein"]
[Result "1/2-1/2"]
[WhiteElo "1993"]
[BlackElo "2126"]
[PlyCount "72"]
[EventDate "2018.??.??"]

1. e4 c5 2. Nf3 e6 3. d4 cxd4 4. Nxd4 a6 5. c4 Nf6 6. Nc3 Bb4 7. Qd3 O-O 8. Bd2
d6 9. Be2 Nbd7 10. Qc2 Qc7 11. O-O Bc5 12. Nb3 Ba7 13. Bf4 Ne5 14. Rad1 Bd7 15.
Qd2 Bc6 16. Qxd6 Qxd6 17. Rxd6 Ng6 18. Bg3 Nxe4 19. Nxe4 Bxe4 20. Rd2 e5 21.
Kh1 Nf4 22. Bxf4 exf4 23. f3 Bf5 24. Nd4 Bd7 25. Nb5 axb5 26. Rxd7 Rfe8 27. Bd3
Re3 28. cxb5 Bc5 29. Bc4 Re7 30. Rfd1 Kf8 31. g3 fxg3 32. hxg3 b6 33. Rd8+ Rxd8
34. Rxd8+ Re8 35. Rxe8+ Kxe8 36. Kg2 f6
1/2-1/2

[Event "Kragero Resort Chess 2018"]
[Site "Kragerø Resort"]
[Date "2018.02.23"]
[Round "5"]
[White "Notkevich, Benjamin Arvola"]
[Black "Christiansen, Johan-Sebastian"]
[Result "1-0"]
[WhiteElo "2446"]
[BlackElo "2498"]
[PlyCount "95"]
[EventDate "2018.??.??"]

1. d4 d5 2. c4 dxc4 3. e4 e5 4. Nf3 exd4 5. Bxc4 Nc6 6. O-O Be6 7. Bb5 Bc5 8.
b4 Bb6 9. a4 a6 10. Bxc6+ bxc6 11. a5 Ba7 12. Bb2 Nf6 13. Bxd4 Nxe4 14. Bxa7
Qxd1 15. Rxd1 Rxa7 16. Nd4 c5 17. Nc6 Ra8 18. f3 Nf6 19. bxc5 Nd7 20. Rc1 O-O
21. Nd2 Rfe8 22. Rab1 Bd5 23. Nb4 Be6 24. Ne4 f5 25. Ng5 Nf6 26. c6 Bc8 27. Re1
Rxe1+ 28. Rxe1 h6 29. Ne6 Rb8 30. Nxa6 Bxa6 31. Nxc7 Bc4 32. a6 Bxa6 33. Nxa6
Rc8 34. c7 Kf7 35. Re5 g6 36. h4 Nd7 37. Rb5 Ke7 38. h5 gxh5 39. Rxf5 Nf6 40.
Kh2 Ke6 41. Rb5 Kd7 42. Rb6 Ke7 43. Kh3 Rg8 44. g3 Rc8 45. Kh4 Nd7 46. Rxh6 Nf6
47. Kg5 Rg8+ 48. Rg6
1-0

[Event "Kragero Resort Chess 2018"]
[Site "Kragerø Resort"]
[Date "2018.02.23"]
[Round "5"]
[White "Kantans, Toms"]
[Black "Chatalbashev, Boris"]
[Result "1/2-1/2"]
[WhiteElo "2487"]
[BlackElo "2571"]
[PlyCount "43"]
[EventDate "2018.??.??"]

1. e4 g6 2. d4 Bg7 3. Nc3 c6 4. Nf3 d6 5. Be3 Nf6 6. Qd2 O-O 7. Bh6 e5 8. Bxg7
Kxg7 9. Be2 b5 10. dxe5 dxe5 11. Qxd8 Rxd8 12. Nxe5 Re8 13. Nd3 Nxe4 14. Nxe4
Rxe4 15. Kd2 Bf5 16. a4 bxa4 17. g4 Be6 18. Bf3 Rc4 19. Ne5 Rb4 20. Nd3 Rc4 21.
Ne5 Rb4 22. Nd3
1/2-1/2

[Event "Kragero Resort Chess 2018"]
[Site "Kragerø Resort"]
[Date "2018.02.23"]
[Round "5"]
[White "Hammer, Jon Ludvig"]
[Black "Ingebretsen, Jens E"]
[Result "1-0"]
[WhiteElo "2622"]
[BlackElo "2174"]
[PlyCount "45"]
[EventDate "2018.??.??"]

1. c4 e5 2. g3 Nf6 3. Bg2 c6 4. Nf3 e4 5. Nd4 d5 6. d3 Bc5 7. Nb3 Bb4+ 8. Bd2
Bxd2+ 9. Qxd2 O-O 10. cxd5 exd3 11. Qxd3 Nxd5 12. O-O Na6 13. Bxd5 cxd5 14. Nc3
Be6 15. Rad1 Rc8 16. Qb5 Qe7 17. Nxd5 Bxd5 18. Rxd5 Rfe8 19. Rd7 Qxe2 20. Qxb7
Rcd8 21. Qxa7 h5 22. Rxf7 Qxb2 23. Rf5
1-0

[Event "Kragero Resort Chess 2018"]
[Site "Kragerø Resort"]
[Date "2018.02.23"]
[Round "5"]
[White "Kaasen, Tor Fredrik"]
[Black "Hillarp Persson, Tiger"]
[Result "0-1"]
[WhiteElo "2335"]
[BlackElo "2543"]
[Annotator "TrulsJÃ¸rgensen"]
[PlyCount "134"]
[EventDate "2018.??.??"]

1. d4 Nf6 2. c4 g6 3. Nc3 Bg7 4. g3 O-O 5. Bg2 d6 6. Nf3 Nc6 7. O-O e5 8. d5
Nb8 9. e4 a5 10. Ne1 Na6 11. Nd3 Nd7 12. Be3 b6 13. a3 Nac5 14. Rb1 f5 15. f3
a4 16. Nxc5 Nxc5 17. Bxc5 bxc5 18. Nxa4 Bh6 19. Nc3 Be3+ 20. Kh1 f4 21. gxf4
exf4 22. Qd3 Qh4 23. e5 Bf5 24. Ne4 dxe5 25. d6 cxd6 26. Qd5+ Kh8 27. Qxd6 Rae8
28. b4 Bxe4 29. fxe4 g5 30. Rb3 f3 31. Bxf3 Rxf3 32. Rxf3 Qe1+ 33. Kg2 Qg1+ 34.
Kh3 g4+ 35. Kh4 gxf3 36. Qf6+ Kg8 37. Qxf3 Qxh2+ 38. Qh3 Bf2+ 39. Kh5 Qxh3+ 40.
Rxh3 cxb4 41. axb4 Rb8 42. Rb3 Bd4 43. c5 Kf7 44. c6 Ke6 45. b5 Kd6 46. Kh6 Kc7
47. Kxh7 Rf8 48. Rb1 Rf4 49. Kg6 Rxe4 50. Rh1 Rg4+ 51. Kf6 Kb6 52. Ke6 Rg6+ 53.
Kd7 Rg7+ 54. Kd6 Rg6+ 55. Kd7 Bc5 56. Rh7 Rd6+ 57. Kc8 Kxb5 58. c7 Bb6 59. Kb7
Bxc7 60. Kxc7 Kc5 61. Rh1 Rd2 62. Rh6 e4 63. Rh5+ Kc4 64. Kc6 e3 65. Re5 e2 66.
Re4+ Kd3 67. Kd5 Rd1 {Kd4+}
0-1

[Event "Kragero Resort Chess 2018"]
[Site "Kragerø Resort"]
[Date "2018.02.23"]
[Round "5"]
[White "Genocchio, Daniele"]
[Black "Lie, Kjetil A."]
[Result "0-1"]
[WhiteElo "2385"]
[BlackElo "2523"]
[PlyCount "50"]
[EventDate "2018.??.??"]

1. e4 d6 2. d4 Nf6 3. Nc3 g6 4. Bg5 Bg7 5. f4 O-O 6. Qd2 c6 7. Nf3 d5 8. Bd3
dxe4 9. Nxe4 Bg4 10. c3 Bxf3 11. gxf3 Nbd7 12. f5 c5 13. dxc5 Rc8 14. O-O-O
Nxc5 15. Nxf6+ Bxf6 16. Bc2 Qa5 17. Kb1 Rfd8 18. Qg2 Qb6 19. Bxf6 Qxf6 20. f4
e6 21. fxe6 fxe6 22. Rdf1 Nd3 23. h4 Nxb2 24. h5 Nc4 25. hxg6 Qxc3
0-1

[Event "Kragero Resort Chess 2018"]
[Site "Kragerø Resort"]
[Date "2018.02.23"]
[Round "5"]
[White "Haug, Johannes"]
[Black "Houska, Jovanka"]
[Result "1/2-1/2"]
[WhiteElo "2355"]
[BlackElo "2408"]
[PlyCount "93"]
[EventDate "2018.??.??"]

1. e4 c6 2. d4 d5 3. e5 Bf5 4. h4 h5 5. Bd3 Bxd3 6. Qxd3 Qa5+ 7. Bd2 Qa6 8. e6
Qxd3 9. exf7+ Kxf7 10. cxd3 Nh6 11. Nf3 Nf5 12. Be3 Nd7 13. Nbd2 e6 14. Bf4 Be7
15. g3 Rac8 16. Rc1 b6 17. Ne5+ Nxe5 18. dxe5 c5 19. Nf3 Ke8 20. Ke2 Kd7 21.
Rhg1 Rhf8 22. Bd2 b5 23. b3 Rf7 24. Rg2 b4 25. Bg5 Bxg5 26. Nxg5 Nd4+ 27. Ke3
Nf5+ 28. Ke2 Rff8 29. Nf3 Rc6 30. g4 hxg4 31. Rxg4 Rh8 32. a3 a5 33. Ra1 bxa3
34. Rxa3 Rb8 35. Rga4 Rcb6 36. Rxa5 Rxb3 37. Rxb3 Rxb3 38. Rxc5 Rb2+ 39. Ke1
Rb1+ 40. Ke2 Rb2+ 41. Ke1 Rb1+ 42. Kd2 Rb4 43. Ra5 Rb2+ 44. Ke1 Rb3 45. Ke2
Rb2+ 46. Kf1 Rb3 47. Ke2
1/2-1/2

[Event "Kragero Resort Chess 2018"]
[Site "Kragerø Resort"]
[Date "2018.02.23"]
[Round "5"]
[White "Tryggestad, Andreas G"]
[Black "Fossan, Aleksander"]
[Result "1/2-1/2"]
[WhiteElo "2241"]
[BlackElo "2004"]
[PlyCount "74"]
[EventDate "2018.??.??"]

1. d4 Nf6 2. c4 g6 3. Nc3 d5 4. Bg5 Ne4 5. Bh4 Nxc3 6. bxc3 dxc4 7. e3 Bg7 8.
Bxc4 O-O 9. Nf3 c5 10. O-O Bf5 11. Qb3 Nc6 12. Ng5 Qe8 13. Qxb7 Na5 14. Qb5
Nxc4 15. Qxc4 cxd4 16. cxd4 e5 17. Nf3 exd4 18. Nxd4 Qe4 19. Bg3 Be6 20. Qc1
Bd5 21. f3 Qe7 22. Qd2 Rac8 23. Rab1 Rfd8 24. Bf2 Qa3 25. Rb2 a6 26. h4 Bh6 27.
Re1 Re8 28. Rb6 Bc4 29. Nf5 Bf8 30. Nd6 Red8 31. Nxc4 Rxd2 32. Nxa3 Bxa3 33.
Rxa6 Rcc2 34. Rf1 Bc1 35. Ra8+ Kg7 36. Re8 Rxa2 37. g4 Re2
1/2-1/2

[Event "Kragero Resort Chess 2018"]
[Site "Kragerø Resort"]
[Date "2018.02.23"]
[Round "5"]
[White "Vestby-Ellingsen, Mads"]
[Black "Hobber, Anders"]
[Result "1/2-1/2"]
[WhiteElo "2160"]
[BlackElo "2286"]
[PlyCount "67"]
[EventDate "2018.??.??"]

1. d4 d5 2. c4 c6 3. Nf3 Nf6 4. g3 Bf5 5. Nc3 e6 6. Nh4 Be4 7. f3 Bg6 8. Qb3
Qb6 9. c5 Qc7 10. Bf4 Qc8 11. e4 Be7 12. Bd6 dxe4 13. Bxe7 Kxe7 14. Nxg6+ hxg6
15. Nxe4 Nxe4 16. fxe4 Nd7 17. Bc4 Nf6 18. e5 Nd5 19. O-O Qd7 20. Rf2 Raf8 21.
Raf1 f5 22. exf6+ gxf6 23. Bxd5 cxd5 24. c6 Qxc6 25. Qa3+ Qd6 26. Qxa7 Qb4 27.
a3 Qb5 28. Rc1 Rc8 29. Rfc2 Rxc2 30. Rxc2 Kd7 31. b4 Qa6 32. Qc5 Qc6 33. Rf2 f5
34. Qa5
1/2-1/2

[Event "Kragero Resort Chess 2018"]
[Site "Kragerø Resort"]
[Date "2018.02.23"]
[Round "5"]
[White "Bergsson, Stefan"]
[Black "Lindbøl, Aleksander"]
[Result "1-0"]
[WhiteElo "2093"]
[BlackElo "2218"]
[PlyCount "59"]
[EventDate "2018.??.??"]

1. d4 Nf6 2. c4 e6 3. Nf3 b6 4. g3 Bb4+ 5. Nbd2 Bb7 6. Bg2 c5 7. a3 Bxd2+ 8.
Qxd2 O-O 9. O-O d5 10. cxd5 exd5 11. Ne5 Nbd7 12. Nxd7 Nxd7 13. b4 c4 14. a4
Rc8 15. Ra3 a6 16. g4 Nf6 17. Rh3 Nxg4 18. Kh1 f5 19. Bf3 Qd7 20. Qg5 c3 21.
Qh4 g6 22. Rg1 Rce8 23. Bxg4 fxg4 24. Rxc3 Bc8 25. Bh6 Rf5 26. Rgc1 Qe6 27. Rc6
Qd7 28. Rc7 Qe6 29. Rg7+ Kh8 30. Re7
1-0

[Event "Kragero Resort Chess 2018"]
[Site "Kragerø Resort"]
[Date "2018.02.23"]
[Round "5"]
[White "Kantane, Anna"]
[Black "Bruaset, Eivind"]
[Result "1-0"]
[WhiteElo "2254"]
[BlackElo "2108"]
[PlyCount "53"]
[EventDate "2018.??.??"]

1. e4 e6 2. d4 d5 3. Nd2 Be7 4. e5 c5 5. Qg4 Kf8 6. Ndf3 Nc6 7. Bd3 Nb4 8. dxc5
Bxc5 9. Ne2 Ne7 10. Be3 Qb6 11. Bxc5 Qxc5 12. O-O h5 13. Qg5 Bd7 14. Nf4 Nxd3
15. cxd3 Nf5 16. Nxh5 Qe7 17. Qg4 Rh6 18. Nf4 Nh4 19. Nd4 Ng6 20. Nxg6+ Rxg6
21. Qf4 Rh6 22. g3 Bc6 23. Rac1 Qd7 24. Rc2 a5 25. Rfc1 Rc8 26. Qd2 Qc7 27.
Nxc6
1-0

[Event "Kragero Resort Chess 2018"]
[Site "Kragerø Resort"]
[Date "2018.02.24"]
[Round "6"]
[White "Hammer, Jon Ludvig"]
[Black "Thorfinnsson, Bragi"]
[Result "1-0"]
[WhiteElo "2622"]
[BlackElo "2426"]
[PlyCount "73"]
[EventDate "2018.??.??"]

1. d4 d5 2. c4 e6 3. Nc3 Nf6 4. cxd5 exd5 5. Bg5 c6 6. e3 Bf5 7. Qf3 Bg6 8.
Bxf6 Qxf6 9. Qxf6 gxf6 10. Nf3 Nd7 11. Nh4 Bb4 12. a3 Bxc3+ 13. bxc3 Nb6 14.
Kd2 Nc8 15. c4 dxc4 16. Bxc4 Nd6 17. Rhc1 Ke7 18. Be2 Rad8 19. Ke1 Be4 20. g3
Rhg8 21. f3 Bd5 22. a4 Rd7 23. Ng2 f5 24. Nf4 Be6 25. Rc3 Rb8 26. h3 Ne8 27.
Rb1 Nf6 28. Rxc6 Rg8 29. Rcc1 Nd5 30. Nxd5+ Bxd5 31. Kf2 a6 32. Bd3 Be6 33. Rc5
f4 34. gxf4 Bxh3 35. Rg5 Rc8 36. f5 Rc3 37. Be4
1-0

[Event "Kragero Resort Chess 2018"]
[Site "Kragerø Resort"]
[Date "2018.02.24"]
[Round "6"]
[White "Notkevich, Benjamin Arvola"]
[Black "Kveinys, Aloyzas"]
[Result "1/2-1/2"]
[WhiteElo "2446"]
[BlackElo "2550"]
[PlyCount "117"]
[EventDate "2018.??.??"]

1. e4 c5 2. Nf3 Nc6 3. d4 cxd4 4. Nxd4 g6 5. c4 Nf6 6. Nc3 d6 7. Be2 Nxd4 8.
Qxd4 Bg7 9. Be3 O-O 10. Qd2 Be6 11. Rc1 Qa5 12. f3 Rfc8 13. b3 a6 14. Nd5 Qxd2+
15. Kxd2 Nxd5 16. exd5 Bd7 17. Bd3 b5 18. cxb5 axb5 19. Rxc8+ Bxc8 20. Rc1 b4
21. Rc7 Rxa2+ 22. Kd1 Ra1+ 23. Ke2 Ra2+ 24. Kf1 Ra8 25. Rxe7 Bf6 26. Rc7 Kg7
27. Bf4 Ra1+ 28. Ke2 Ba6 29. Bxa6 Rxa6 30. Kd3 g5 31. Rc6 Ra5 32. Bxd6 Rxd5+
33. Ke4 Rd2 34. g4 Bc3 35. Rb6 h6 36. h3 Re2+ 37. Kd3 Rd2+ 38. Ke3 Rd1 39. Bxb4
Bd4+ 40. Ke2 Rh1 41. Rd6 Be5 42. Rd5 Kf6 43. Kf2 Ke6 44. Ra5 f6 45. Ra6+ Kf7
46. Ra7+ Ke6 47. Ra6+ Kf7 48. Bc5 Rxh3 49. Ke3 h5 50. Ra7+ Kg6 51. gxh5+ Kf5
52. Ra4 Bf4+ 53. Kf2 Rxh5 54. Bd4 Rh2+ 55. Ke1 Bg3+ 56. Kd1 Be5 57. Bxe5 fxe5
58. Ke1 Rb2 59. Rb4
1/2-1/2

[Event "Kragero Resort Chess 2018"]
[Site "Kragerø Resort"]
[Date "2018.02.24"]
[Round "6"]
[White "Hillarp Persson, Tiger"]
[Black "Kantans, Toms"]
[Result "1/2-1/2"]
[WhiteElo "2543"]
[BlackElo "2487"]
[PlyCount "59"]
[EventDate "2018.??.??"]

1. c4 g6 2. Nc3 c5 3. Nf3 Bg7 4. g3 Nc6 5. Bg2 e6 6. d4 cxd4 7. Nb5 d6 8. Nfxd4
Nxd4 9. Nxd4 Ne7 10. O-O O-O 11. Bg5 h6 12. Bxe7 Qxe7 13. Qd2 Qc7 14. Nb5 Qxc4
15. Nxd6 Qd4 16. Qxd4 Bxd4 17. Rfd1 Bxb2 18. Rab1 Be5 19. Nxb7 Rb8 20. a4 Bxb7
21. Rxb7 Rxb7 22. Bxb7 a5 23. Rd7 Rb8 24. Kg2 Kf8 25. f4 Bf6 26. Bc6 Be7 27.
Ra7 Bb4 28. g4 Rc8 29. Bb5 Rc1 30. Ra8+
1/2-1/2

[Event "Kragero Resort Chess 2018"]
[Site "Kragerø Resort"]
[Date "2018.02.24"]
[Round "6"]
[White "Christiansen, Johan-Sebastian"]
[Black "Risting, Eivind Olav"]
[Result "1-0"]
[WhiteElo "2498"]
[BlackElo "2308"]
[PlyCount "103"]
[EventDate "2018.??.??"]

1. e4 c6 2. d4 d5 3. exd5 cxd5 4. Nf3 Nc6 5. Ne5 e6 6. Bb5 Qc7 7. Bf4 Bd6 8.
Qg4 f6 9. Nxc6 Kf8 10. Ne5 fxe5 11. dxe5 Bxe5 12. Qh5 Qa5+ 13. Nd2 Nf6 14. Qxe5
Qxb5 15. a4 Qa6 16. Ra3 Bd7 17. Rf3 Ke7 18. Bh6 gxh6 19. Qxf6+ Kd6 20. Qf4+ Ke7
21. Qb4+ Ke8 22. Qd4 Ke7 23. Qh4+ Kd6 24. b3 Rhg8 25. c4 Rxg2 26. Rf7 Re8 27.
Qf4+ e5 28. Qxh6+ Be6 29. Rf6 Qc6 30. Qe3 Rg4 31. f3 dxc4 32. Nxc4+ Rxc4 33.
bxc4 Qxc4 34. f4 exf4 35. Rxf4 Bd5 36. Qxe8 Qc1+ 37. Ke2 Qxh1 38. Rf6+ Kc5 39.
Qe7+ Kc4 40. Rf4+ Kb3 41. Qe3+ Ka2 42. Qd2+ Ka3 43. Qb4+ Ka2 44. Rf2 Qc1 45.
Kd3+ Ka1 46. Qd4+ Kb1 47. Qxd5 Qd1+ 48. Ke4 Qe1+ 49. Kf3 Qh1+ 50. Rg2 Qf1+ 51.
Kg4 h5+ 52. Kxh5
1-0

[Event "Kragero Resort Chess 2018"]
[Site "Kragerø Resort"]
[Date "2018.02.24"]
[Round "6"]
[White "Houska, Jovanka"]
[Black "Kantane, Anna"]
[Result "1/2-1/2"]
[WhiteElo "2408"]
[BlackElo "2254"]
[PlyCount "125"]
[EventDate "2018.??.??"]

1. d4 Nf6 2. Nf3 g6 3. g3 Bg7 4. Bg2 O-O 5. O-O d5 6. Nbd2 Bf5 7. c4 c6 8. b3
a5 9. Bb2 Na6 10. Nh4 Be6 11. Rc1 Qd7 12. Re1 Bh3 13. Bh1 Rfd8 14. a3 Nh5 15.
cxd5 cxd5 16. Ndf3 Bf6 17. Ng2 Rac8 18. Rxc8 Rxc8 19. Ne3 Be6 20. Ne5 Qd6 21.
Qd3 Nc7 22. Rc1 Bg7 23. Qd2 Ra8 24. Qc3 Ne8 25. Qc5 Nhf6 26. Qb5 Ne4 27. Rc2
Qa6 28. Qxa6 Rxa6 29. Nxd5 Bxd5 30. Bxe4 Bxe4 31. Rc8 Bxe5 32. Rxe8+ Kg7 33.
dxe5 e6 34. Bd4 Rc6 35. f3 Bd5 36. Rb8 Rc2 37. e4 Bxb3 38. Rxb7 a4 39. h4 h6
40. Bb6 g5 41. Bd8 gxh4 42. Bxh4 h5 43. Rb8 Ra2 44. Bf6+ Kg6 45. Be7 Bd1 46. f4
Bc2 47. Rg8+ Kh7 48. Rg5 Bxe4 49. Rxh5+ Kg6 50. Rg5+ Kh7 51. Bf8 Bg6 52. g4
Ra1+ 53. Kf2 Ra2+ 54. Kf3 Kg8 55. Be7 Kh7 56. f5 Kh6 57. fxg6 fxg6 58. Ke3 Rb2
59. Kd4 Rb7 60. Bf6 Rb3 61. Be7 Rb7 62. Bf6 Rb3 63. Be7
1/2-1/2

[Event "Kragero Resort Chess 2018"]
[Site "Kragerø Resort"]
[Date "2018.02.24"]
[Round "6"]
[White "Pantzar, Milton"]
[Black "Genocchio, Daniele"]
[Result "1/2-1/2"]
[WhiteElo "2260"]
[BlackElo "2385"]
[PlyCount "120"]
[EventDate "2018.??.??"]

1. d4 d6 2. c4 e5 3. Nf3 e4 4. Ng5 Nf6 5. Nc3 Bf5 6. Qc2 h6 7. Ngxe4 Nxe4 8.
Nxe4 Qh4 9. Nxd6+ Bxd6 10. Qxf5 Bb4+ 11. Kd1 Qxd4+ 12. Kc2 Qxc4+ 13. Kb1 Nd7
14. e3 Qh4 15. g3 Qe7 16. Bg2 O-O-O 17. a3 Bd6 18. Bd2 Rhe8 19. Rc1 Kb8 20. Ba5
Nb6 21. Ka2 c6 22. Rd1 g6 23. Qc2 Bc7 24. Rac1 Qe6+ 25. Qb3 Qf5 26. Be1 Kc8 27.
e4 Qf6 28. f4 g5 29. Bh3+ Kb8 30. e5 Qg6 31. Bf1 gxf4 32. gxf4 Rxd1 33. Rxd1
Nd5 34. Bg3 Rd8 35. Bc4 Qe4 36. Re1 Qd4 37. f5 b5 38. Bf1 a5 39. Bg2 a4 40. Qc2
c5 41. Re4 Qg1 42. Re1 Qd4 43. Bf2 b4 44. Qxc5 b3+ 45. Ka1 Qxc5 46. Bxc5 Nf4
47. Bf1 Bxe5 48. Bb4 Bf6 49. Bb5 Nd3 50. Rd1 Nxb4 51. Rxd8+ Bxd8 52. axb4 Bc7
53. h3 Bd6 54. Bxa4 Bxb4 55. Bxb3 f6 56. Kb1 Kc7 57. Kc2 Kd6 58. Bc4 Ke5 59.
Bd3 Kf4 60. Kd1 Ke5
1/2-1/2

[Event "Kragero Resort Chess 2018"]
[Site "Kragerø Resort"]
[Date "2018.02.24"]
[Round "6"]
[White "Sagafos, Magne"]
[Black "Ingebretsen, Jens E"]
[Result "1-0"]
[WhiteElo "2384"]
[BlackElo "2174"]
[PlyCount "67"]
[EventDate "2018.??.??"]

1. e4 e5 2. Nf3 Nc6 3. Bc4 Bc5 4. c3 Nf6 5. d3 a6 6. O-O Ba7 7. Re1 d6 8. Bb3
O-O 9. h3 h6 10. Nbd2 Be6 11. Bc2 Re8 12. Nf1 d5 13. exd5 Nxd5 14. Ng3 Qd6 15.
Nh4 Qe7 16. Nhf5 Qf6 17. Qf3 Kh8 18. Qe4 g6 19. Ne3 Rad8 20. Bd2 Nf4 21. Kh2
Rd7 22. Rad1 Red8 23. Bc1 Qh4 24. d4 f5 25. Nexf5 gxf5 26. Nxf5 Qg5 27. Bxf4
Bxf5 28. Bxg5 Bxe4 29. Bf6+ Kg8 30. Bxe4 Rf8 31. dxe5 Rxd1 32. Rxd1 Bxf2 33.
Rd7 Re8 34. Bh7+
1-0

[Event "Kragero Resort Chess 2018"]
[Site "Kragerø Resort"]
[Date "2018.02.24"]
[Round "6"]
[White "Dahl, Trygve"]
[Black "Haug, Johannes"]
[Result "0-1"]
[WhiteElo "2217"]
[BlackElo "2355"]
[PlyCount "88"]
[EventDate "2018.??.??"]

1. e4 e5 2. Nc3 Nf6 3. f4 d5 4. fxe5 Nxe4 5. d3 Nxc3 6. bxc3 d4 7. Nf3 c5 8.
Be2 Nc6 9. O-O Be7 10. Qe1 O-O 11. Qg3 Bf5 12. h4 dxc3 13. h5 Kh8 14. h6 gxh6
15. Bxh6 Rg8 16. Qf4 Be6 17. Kf2 Nd4 18. Nxd4 Qxd4+ 19. Qxd4 cxd4 20. Bf3 Bh4+
21. Ke2 Bg5 22. Rh1 Rg6 23. Bxg5 Rxg5 24. Rh4 Rxe5+ 25. Kf2 Rd8 26. Rah1 Kg7
27. Rxh7+ Kf6 28. R1h5 Rxh5 29. Rxh5 Bxa2 30. Ra5 Be6 31. Bxb7 Rd7 32. Bf3 Ke7
33. Ra4 Kd8 34. Bc6 Rd6 35. Bb5 Kc7 36. Rxa7+ Kb6 37. Ra6+ Kc5 38. Rxd6 Kxd6
39. Ba4 Kc5 40. Ke1 Bg4 41. Bb3 f6 42. Kf2 Kb4 43. Kg3 Be2 44. Bc4 Ka3
0-1

[Event "Kragero Resort Chess 2018"]
[Site "Kragerø Resort"]
[Date "2018.02.24"]
[Round "6"]
[White "Bergsson, Stefan"]
[Black "Kaasen, Tor Fredrik"]
[Result "0-1"]
[WhiteElo "2093"]
[BlackElo "2335"]
[PlyCount "76"]
[EventDate "2018.??.??"]

1. e4 c5 2. Nf3 e6 3. b3 Nc6 4. Bb2 b6 5. g3 Bb7 6. Bg2 d6 7. d4 cxd4 8. Nxd4
Rc8 9. c4 Nf6 10. O-O Be7 11. Nc3 O-O 12. Qd2 Qc7 13. Rad1 a6 14. Rfe1 Rfd8 15.
h3 Qb8 16. Kh2 Nxd4 17. Qxd4 Bc6 18. a4 b5 19. axb5 axb5 20. Nd5 Bxd5 21. cxd5
e5 22. Qb4 Nd7 23. Rc1 Nc5 24. Bf1 Bg5 25. Ra1 Qb6 26. Kg1 Rb8 27. h4 Bh6 28.
Bc1 Bxc1 29. Rexc1 Rf8 30. Ra5 Nxe4 31. Qe1 Nxf2 32. Kg2 Ng4 33. Rc6 Qd4 34.
Rxd6 Rbc8 35. Ra2 Rc3 36. Bxb5 Qc5 37. Qd2 Ne3+ 38. Kh2 Rxb3
0-1

[Event "Kragero Resort Chess 2018"]
[Site "Kragerø Resort"]
[Date "2018.02.24"]
[Round "6"]
[White "Dolzhykova, Kateryna"]
[Black "Skotheim, Andreas"]
[Result "1-0"]
[WhiteElo "2319"]
[BlackElo "2025"]
[PlyCount "177"]
[EventDate "2018.??.??"]

1. e4 c5 2. Nf3 e6 3. c4 Nc6 4. Nc3 Nd4 5. Nxd4 cxd4 6. Nb5 e5 7. Be2 d6 8. O-O
a6 9. Na3 g6 10. d3 Bg7 11. f4 Ne7 12. fxe5 dxe5 13. Bg5 O-O 14. c5 h6 15. Bf6
Bxf6 16. Rxf6 Nf5 17. Rxf5 gxf5 18. Nc4 Qf6 19. Nb6 Be6 20. Nxa8 Rxa8 21. exf5
Bxf5 22. Bf3 Qe7 23. Qb3 Qxc5 24. Qxb7 Ra7 25. Qb8+ Kh7 26. Bb7 Bxd3 27. b4 Qc3
28. Rd1 Rxb7 29. Qxb7 Bg6 30. Qd5 Qe3+ 31. Kh1 d3 32. a4 e4 33. b5 axb5 34.
axb5 Qe2 35. Rg1 Qb2 36. Qc5 Qb3 37. b6 d2 38. Qd4 e3 39. b7 Bc2 40. Qd7 Bg6
41. h4 h5 42. Qd4 Qxb7 43. Qxe3 Qb4 44. Rd1 Qxh4+ 45. Kg1 Qe4 46. Qxd2 Bf5 47.
Qb2 Qe3+ 48. Kh1 Be4 49. Rf1 Qh3+ 50. Kg1 Qe3+ 51. Rf2 Bg6 52. Qf6 Qc1+ 53. Kh2
Qc7+ 54. Kh1 Qc4 55. Qb2 Qe4 56. Rf1 Qc4 57. Rc1 Qf4 58. Qa1 Be4 59. Rf1 Qh4+
60. Kg1 Bg6 61. Re1 Qd8 62. Qa4 Qb6+ 63. Kh1 Qb2 64. Qa1 Qxa1 65. Rxa1 Bf5 66.
Kh2 Kg6 67. Kg3 Be4 68. Kf4 Bb7 69. Rb1 Ba8 70. Rb8 Bd5 71. Ke5 Be6 72. Rg8+
Kh7 73. Rg5 Kh6 74. Kf6 Ba2 75. Ra5 Bb3 76. Ra1 Bd5 77. g3 Be6 78. Rh1 Bd5 79.
Rh4 Bf3 80. Rd4 Bg4 81. Rd8 Kh7 82. Kxf7 Kh6 83. Kf6 Kh7 84. Kg5 Kg7 85. Rd2
Kf7 86. Rh2 Kg7 87. Rxh5 Be2 88. Rh2 Bc4 89. Rc2
1-0

[Event "Kragero Resort Chess 2018"]
[Site "Kragerø Resort"]
[Date "2018.02.24"]
[Round "6"]
[White "Hobber, Anders"]
[Black "Vitenberg, Noam Aviv"]
[Result "1-0"]
[WhiteElo "2286"]
[BlackElo "1911"]
[PlyCount "133"]
[EventDate "2018.??.??"]

1. d4 Nf6 2. Nf3 e6 3. e3 d5 4. Bd3 c5 5. b3 Nc6 6. a3 Bd6 7. Bb2 O-O 8. Nbd2
b6 9. Ne5 Bb7 10. f4 Ne7 11. Qf3 Rc8 12. dxc5 bxc5 13. Qh3 Ng6 14. Nxg6 hxg6
15. O-O Be7 16. Rad1 Qb6 17. Ba1 Ba6 18. c4 dxc4 19. bxc4 Rfd8 20. e4 Qa5 21.
Nb1 Qa4 22. Nc3 Qxa3 23. e5 Ne8 24. Bxg6 fxg6 25. Qxe6+ Kf8 26. Nd5 Rxd5 27.
cxd5 Rd8 28. Rf3 Qa4 29. Re1 Bc8 30. Qxg6 Rxd5 31. e6 Bxe6 32. Qxe6 Qd7 33.
Qxd7 Rxd7 34. Be5 Nf6 35. Rc3 Rb7 36. Ra1 Nd5 37. Rg3 Nf6 38. Kf1 Nh5 39. Rga3
Rb4 40. g3 Rc4 41. Rxa7 Rc2 42. R7a2 Rc4 43. Ke2 Nf6 44. Kd3 Rb4 45. Rb2 c4+
46. Kc2 Nd5 47. Rxb4 Bxb4 48. Bd4 Kf7 49. Ra7+ Ke6 50. Rxg7 Kf5 51. Rg5+ Ke4
52. Rxd5 Kxd5 53. Bc3 Bc5 54. f5 Ke4 55. f6 Kf5 56. h3 Bd6 57. g4+ Kg5 58. Kd2
Bf4+ 59. Ke2 Kh4 60. f7 Bh6 61. Bb4 Kxh3 62. Kf3 c3 63. f8=Q Bxf8 64. Bxf8 Kh4
65. Kf4 c2 66. Ba3 c1=N 67. Bxc1
1-0

[Event "Kragero Resort Chess 2018"]
[Site "Kragerø Resort"]
[Date "2018.02.24"]
[Round "6"]
[White "Sebastian, Andreas"]
[Black "Hestholm, Sverre"]
[Result "1-0"]
[WhiteElo "1880"]
[BlackElo "1767"]
[PlyCount "84"]
[EventDate "2018.??.??"]

1. e4 c5 2. Nf3 e6 3. d4 cxd4 4. Nxd4 a6 5. c4 Nf6 6. Nc3 Bb4 7. Bd3 Nc6 8. Be3
Qa5 9. Qc2 Ng4 10. Nxc6 Bxc3+ 11. bxc3 dxc6 12. Bf4 e5 13. Bg3 Be6 14. O-O O-O
15. h3 Nf6 16. Kh1 Nd7 17. Rab1 Rfd8 18. f4 exf4 19. Bxf4 Nc5 20. Be2 b5 21.
Be3 bxc4 22. Bxc5 Qxc5 23. Rb7 Rab8 24. Rfb1 Rxb7 25. Rxb7 h6 26. Qb2 Qe3 27.
Rb8 Rxb8 28. Qxb8+ Kh7 29. Qb2 g6 30. Bf3 Bxh3 31. Qe2 Qxe2 32. Bxe2 Be6 33.
Kg1 Kg7 34. Kf2 Kf6 35. Ke3 Ke5 36. g4 c5 37. Bf3 f6 38. a3 Bd7 39. Be2 a5 40.
Bd1 Bc8 41. Be2 Bb7 42. Bf3 Bc6
1-0

[Event "Kragero Resort Chess 2018"]
[Site "Kragerø Resort"]
[Date "2018.02.24"]
[Round "6"]
[White "Bruaset, Eivind"]
[Black "Nordquelle, Daniel"]
[Result "0-1"]
[WhiteElo "2108"]
[BlackElo "2220"]
[PlyCount "66"]
[EventDate "2018.??.??"]

1. e4 c5 2. Nf3 d6 3. d4 cxd4 4. Nxd4 Nf6 5. Nc3 a6 6. Be3 e5 7. Nb3 Be6 8. f3
h5 9. Qd2 Nbd7 10. O-O-O Be7 11. Kb1 Rc8 12. f4 b5 13. Bd3 Nb6 14. Bxb6 Qxb6
15. Nd5 Bxd5 16. exd5 e4 17. Be2 O-O 18. h3 Qf2 19. Bf1 Qg3 20. Re1 Bd8 21. Nd4
g6 22. h4 Ng4 23. Rh3 e3 24. Rxg3 exd2 25. Rd1 Bxh4 26. Rxg4 hxg4 27. Rxd2 Rfe8
28. Re2 Bf2 29. c3 Bxd4 30. cxd4 Kg7 31. a4 bxa4 32. Ka2 Rxe2 33. Bxe2 f5
0-1